Albums Of 1971 - Statistics

General Stats
  • This quiz has been taken 54 times
  • The average score is 13 of 20
Answer Stats
Hint Answer % Correct
Imagine John Lennon
96%
American Pie Don McLean
93%
Sticky Fingers Rolling Stones
89%
___ _______ IV (zoso) Led Zeppelin
87%
Aqualung Jethro Tull
84%
___'s Next The Who
84%
Tapestry Carole King
82%
LA Woman The Doors
80%
Man In Black Johnny Cash
78%
What's Going On Marvin Gaye
76%
Madman Across The Water Elton John
67%
Every Picture Tells A Story Rod Stewart
67%
Pearl Janis Joplin
60%
Ram Paul McCartney
51%
Fragile Yes
51%
Nursery Cryme Genesis
49%
Tupelo Honey Van Morrison
47%
Electric Warrior T Rex
42%
200 Motels Frank Zappa
31%
Black Moses Isaac Hayes
22%
No matching quizzes found
Score Distribution
Percent of People with Each Score
Percentile by Number Answered
Your Score History
You have not taken this quiz